| 000 | 01092nam a2200265Ia 4500 | ||
|---|---|---|---|
| 003 | OSt | ||
| 005 | 20221005104638.0 | ||
| 006 | a|||||r|||| 00| 0 | ||
| 007 | ta | ||
| 008 | 221004b |||||||| |||| 00| 0 hin d | ||
| 020 |
_a9789382695165 (pbk) _cINR 200.00 |
||
| 024 | _a37963 | ||
| 037 |
_b388, 12/03/2018, Eastern Book Linkers _cTextual |
||
| 040 |
_aCRL _cCRL _bhin |
||
| 041 |
_2hin _ahin |
||
| 082 | _aNQ4473JH, 152Q4 | ||
| 100 | _aसिन्हा, आदित्य प्रसाद, ले. | ||
| 245 | 0 |
_aतूलिका _b झारखण्ड की जनजातीय चित्रकला |
|
| 246 | _aTūlikā: zārakhaṇḍa kī janajātīya chitrakalā | ||
| 260 |
_aदिल्ली _bविकल्प प्रकाशन भारत _c2014 |
||
| 300 |
_a135पृ0 _ccm. |
||
| 650 |
_aभारतीय चित्रकला _9157954 |
||
| 942 |
_hNQ4473JH, 152Q4 _cTEXL _2cc |
||
| 999 |
_c1013357 _d1013357 |
||